KOHA-Header-6

Intikhab-e-Kalam Hasrat Mohani (Record no. 9683)

000 -LEADER
fixed length control field 00273nam a2200109Ia 4500
100 ## - MAIN ENTRY--AUTHOR NAME
Personal name Moin-u-ddin Aqeel
245 #0 - TITLE STATEMENT
Title Intikhab-e-Kalam Hasrat Mohani
260 ## - PUBLICATION, DISTRIBUTION, ETC. (IMPRINT)
Place of publication United Kingdom
Name of publisher Oxford
Year of publication 2002
300 ## - PHYSICAL DESCRIPTION
Number of Pages 112
942 ## - ADDED ENTRY ELEMENTS (KOHA)
Koha item type Books
Holdings
Withdrawn status Lost status Collection code Permanent Location Current Location Shelving location Date acquired Full call number Accession Number Koha item type
    Urdu Literature MAJU MAJU   2019-09-14 658.45 5587 Urdu Literature

Powered by Koha